1759 1980 1333 1613 1797 1491 1840 1785 1075 1138 1116 1281 1407 1578 1440 1332 1577 1664 1907 1945 1528 1991 1523 1047 1199 1101 1415 1254 1910 1207 1541 1547 1851 1027 1488 1459 1407 1384 1225 1528 1618 1741 1013 1855 1828 1272 1601 1485 1030 1207 1484 1535 1116 1822 1351 1767 1980 1002 1503 1916 1920 1698 1006 1971 1696 1555 1845 1071 1009 1304 1242 1331 1579 1214 1191 1411 1318 1630 1292 1361 1779 1167 1006 1586 1130 1376 1961 1594 1040 1621 1940 1342 1141 1582 1573 1421 1859 1976 1827 BCNSPRNW ULIB Ver.6.0+V

เปลี่ยนเป็นภาษาไทย

Change to English
 แสดงรายละเอียดบรรณานุกรม
  กลับหน้าหลัก

Brief Record : Get Marc (ISO 2709) : E-mail record : QR code < ปิดหน้าต่าง
LEADER : 00000nam 2200000uu 4500
001    13399113184
003     ULIB
008    110930s2549||||th 000 0 tha d
020    9789742124090
050  4 QA76.9^bพ161S 2549
100 0  พงษ์พันธ์ ศิวิลัย
245 10 SQL Server 2005 ฉบับสมบูรณ์ /^cพงษ์พันธ์ ศิวิลัย
260    กรุงเทพฯ :^bซีเอ็ดยูเคชั่น,^c2549
300    685 หน้า :^bภาพประกอบ ;^c24ซม.
650  4 การจัดการฐานข้อมูล
650  4 เอส คิว แอล (ภาษาคอมพิวเตอร์)
650  4 เครื่องบริการเอสคิวแอล
945    ^p450^l0^i029186
995    ทศพร
999 ^a ศิริพร
รายการนี้ยังไม่มีแท็ก
คุณยังไม่ได้ล็อกอิน คุณสามารถมีกิจกรรมร่วมกับเว็บไซต์ได้ แต่ต้องล็อกอินก่อน ::
  ล็อกอิน

รายการสื่อสารสนเทศ

ลำดับที่ ประเภท เลขเรียก/บาร์โค้ด สถานที่ สถานะ
- ไม่พบข้อมูล -

รายการใกล้เคียง
    หัวเรื่อง [การจัดการฐานข้อมูล]

BibComment


ยังไม่เคยถูกคอมเมนท์

คอมเมนท์ทรัพยากรรายการนี้
  คอมเมนท์: SQL Server 2005 ฉ..


 Copyright 2026. Bcnsprnw @Library